| Tag |
First Indicator |
Second Indicator |
Subfields |
| LEADER |
00000cam a2200000 a 4500 |
| 001 |
in00001433021 |
| 005 |
20151020101427.0 |
| 008 |
970611s1997 gw a b 101 0 eng |
| 010 |
|
|
|a 97025453
|
| 020 |
|
|
|a 3540630503 (alk. paper)
|
| 035 |
|
|
|a (OCoLC)37187494
|
| 035 |
|
|
|9 AHS8066AM
|
| 040 |
|
|
|a DLC
|c DLC
|d NLM
|d AGL
|d TXA
|d UtOrBLW
|
| 049 |
|
|
|a TXAM
|
| 050 |
0 |
0 |
|a QP535.N1
|b N548 1997
|
| 060 |
0 |
0 |
|a W1
|b ER72 v.21 1997
|
| 060 |
1 |
0 |
|a QV 150
|b N7313 1997
|
| 069 |
0 |
|
|a 9714954
|
| 070 |
0 |
|
|a QP535.N1N548
|b 1997
|
| 072 |
|
0 |
|a X300
|
| 082 |
0 |
0 |
|a 612/.01524
|2 21
|
| 245 |
0 |
0 |
|a Nitric oxide, cytochromes P450, and sexual steroid hormones /
|c J.R. Lancaster, J.F. Parkinson, editors.
|
| 264 |
|
1 |
|a Berlin ;
|a New York :
|b Springer,
|c [1997]
|
| 264 |
|
4 |
|c ©1997
|
| 300 |
|
|
|a xiv, 307 pages :
|b illustrations ;
|c 21 cm.
|
| 336 |
|
|
|a text
|b txt
|2 rdacontent
|
| 337 |
|
|
|a unmediated
|b n
|2 rdamedia
|
| 338 |
|
|
|a volume
|b nc
|2 rdacarrier
|
| 490 |
1 |
|
|a Ernst Schering Research Foundation workshop ;
|v 21
|
| 504 |
|
|
|a Includes bibliographical references and index.
|
| 650 |
|
0 |
|a Nitric oxide
|x Physiological effect
|x Congresses.
|
| 650 |
|
0 |
|a Cytochrome P-450
|v Congresses.
|
| 650 |
|
0 |
|a Hormones, Sex
|v Congresses.
|
| 650 |
1 |
2 |
|a Nitric Oxide
|x physiology
|v congresses.
|
| 650 |
2 |
2 |
|a Nitric Oxide
|x metabolism
|v congresses.
|
| 650 |
2 |
2 |
|a Cytochrome P-450 Enzyme System
|x physiology
|v congresses.
|
| 650 |
2 |
2 |
|a Gonadal Steroid Hormones
|x physiology
|v congresses.
|
| 700 |
1 |
|
|a Lancaster, Jack R.
|
| 700 |
1 |
|
|a Parkinson, J. F.
|q (John F.)
|
| 830 |
|
0 |
|a Ernst Schering Research Foundation workshop ;
|v 21.
|
| 999 |
|
|
|a MARS
|
| 999 |
f |
f |
|s 9eb39adb-6866-3e3f-a944-33a6ab5b7663
|i e75db747-cf50-3242-be1d-3aa757eb7f86
|t 0
|
| 952 |
f |
f |
|p ric
|a Texas A&M University
|b Rellis Campus
|c Joint Library Facility
|d Remote Storage
|t 0
|e QP535.N1 N548 1997
|h Library of Congress classification
|i unmediated -- volume
|m A14823556807
|
| 998 |
f |
f |
|a QP535.N1 N548 1997
|t 0
|l Remote Storage
|